000 00742nam a2200241Ia 4500
003 GCL
008 140319s9999 xx 000 0 ara d
040 _aGCL /
_cGCL
082 0 4 _a956.69
_bم ت
100 1 _aميخائيل موسى الوف البعلبكى
245 1 0 _aتاريخ بعلبك /
_cميخائيل موسى الوف البعلبكى
260 _a[S.N] :
_bالمطبعة الادبية ،
_c1926
300 _a176 ص
490 _a
650 0 4 _aالعصر الحديث
650 0 4 _aتاريخ
650 0 4 _aالتاريخ الاسلامى
650 0 4 _aلبنان
650 0 4 _aالاثار
650 0 4 _aالامبراطورية العثمانية (1545 - 1920)
650 0 4 _aبعلبك
942 _2ddc
_cBK
999 _c36443
_d36443